L'Arca plus (Registro nro. 12064)
[ vista simple ]
| 000 -LEADER | |
|---|---|
| longitud fija campo de control | 00644aas a2200217 4500 |
| 003 - IDENTIFICADOR DE NUMERO DE CONTROL | |
| control del campo | AR-RoUNA |
| 008 - CAMPO DE CONTROL - LIBROS | |
| longitud fija campo de control | 140529||||||||||||||||| |||| 0|||| d |
| 022 ## - ISSN | |
| ISSN | 1127-0268 |
| 040 ## - ORIGEN DE LA CATALOGACION | |
| Agencia que cataloga la obra original | AR-RoUNA |
| Idioma en que se cataloga | ita |
| 041 ## - CODIGO DE IDIOMA | |
| Codigo de idioma del texto / sonido o titulo separado | ita |
| -- | eng |
| 245 ## - TITULO PROPIAMENTE DICHO | |
| Titulo | L'Arca plus |
| Subtitulo | : monografie di architettura = monographies on architecture |
| 260 ## - EDITORIAL - PUBLICACION, DISTRIBUCION, ETC. (Pie de imprenta) | |
| Lugar de publicacion, distribucion, etc | Milan : |
| Nombre del editor, distribuidor, etc | L'arca Edizione Spa, |
| Fecha de publicacion | 1994- |
| 300 ## - DESCRIPCION FISICA | |
| Otros detalles fisicos | planos, |
| -- | dib., |
| Dimensiones | 34x24cm |
| 650 #4 - MATERIA - TERMINO TEMATICO | |
| Término temático general | Arquitectura |
| 650 #4 - MATERIA - TERMINO TEMATICO | |
| Término temático general | Urbanismo |
| 868 ## - EXISTENCIAS DE INDICES | |
| Existencias | (1997 nº11-12), (1998 nº16;18), (2000 nº??) |
| 908 ## - SOPORTE | |
| Soporte | Imp |
| 942 ## - FUENTE DE CLASIFICACION | |
| Clasificacion | Universal Decimal Classification |
| Tipo de item | Analítica |
| 945 ## - INFORMACION DE PROCESAMIENTO | |
| Fecha de ingreso o modificacion | 2025-08-08 |
| 980 ## - DECLARACIÓN DE EQUIVALENCIA O SERIE DE REFERENCIA CRUZADA - NOMBRE / TÍTULO PERSONAL [LOCAL, CANADÁ] | |
| Código del operador | 3 |
| Nombre del operador | Germán Grimolizzi |
| Código del operador que modifico el registro | 3 |
| Nombre del operador que modifico el registro | Germán Grimolizzi |
| Estado retiro | Estado perdido | Sistema de clasificacion | Estado general | Biblioteca de origen | Ubicacion actual | Localizacion en estante | Fecha de adquisicion | Prestamos totales | Tipo de elemento KOHA | Nota no publica |
|---|---|---|---|---|---|---|---|---|---|---|
| Disponible | Disponible | udc | No dañado | Arq. Hilarión H. Larguia | Arq. Hilarión H. Larguia | Heme | 08/08/2025 | Recurso contínuo |